Statistics for NBA 2023–24 Team Stat Leaders

Click here to take the quiz!

General Stats

  • This quiz has been taken 169 times
    (65 since last reset)
  • The average score is 60 of 69

Answer Stats

Answer% Correct
Anthony Edwards
98%
Cade Cunningham
98%
De'Aaron Fox
98%
Donovan Mitchell
98%
Draymond Green
98%
Giannis Antetokounmpo
98%
Jalen Brunson
98%
Jayson Tatum
98%
Jimmy Butler
98%
Kevin Durant
98%
LeBron James
98%
Luka Dončić
98%
Nikola Jokić
98%
Paolo Banchero
98%
Shai Gilgeous-Alexander
98%
Stephen Curry
98%
Trae Young
98%
Tyrese Haliburton
98%
Tyrese Maxey
98%
Victor Wembanyama
98%
Zion Williamson
98%
Anthony Davis
96%
Bam Adebayo
96%
Damian Lillard
96%
DeMar DeRozan
96%
Devin Booker
96%
Domantas Sabonis
96%
Kawhi Leonard
96%
Mikal Bridges
96%
Brandon Ingram
95%
Darius Garland
95%
Ivica Zubac
95%
James Harden
95%
Jaren Jackson Jr.
95%
Kyle Kuzma
95%
Miles Bridges
95%
Lauri Markkanen
93%
Rudy Gobert
93%
Chet Holmgren
91%
Jarrett Allen
91%
Alperen Şengün
89%
Derrick White
89%
Scottie Barnes
89%
Cam Thomas
87%
Clint Capela
87%
Myles Turner
87%
Jonas Valančiūnas
85%
Jusuf Nurkić
85%
Nikola Vučević
85%
Tobias Harris
84%
Fred VanVleet
82%
Vince Williams Jr.
82%
Deandre Ayton
80%
Isaiah Hartenstein
80%
Mike Conley
80%
Chris Paul
78%
Jalen Duren
73%
Nic Claxton
73%
Scoot Henderson
69%
Wendell Carter Jr.
69%
Jordan Clarkson
67%
Tre Jones
67%
Tyus Jones
67%
Jakob Poeltl
64%
Jerami Grant
64%
John Collins
55%
Deni Avdija
47%
Santi Aldama
45%
Nick Richards
36%

Score Distribution

Percentile by Number Answered

Percent of People with Each Score

Your Score History

You have not taken this quiz since the last reset